Practical data processing management

Saved in:
Bibliographic Details
Main Author: Fried, Louis
Format: Book
Language:English
Published: Reston, Va. : Reston Pub. Co., c1979
Subjects:
Tags: Add Tag
No Tags, Be the first to tag this record!

MARC

LEADER 00000cam a2200000 i 4500
001 1/51519
008 960314s1979 eng d
020 |a 0835955893 
035 |l 10027186 
040 |a GR-MY-UA  |b gre  |e aacr 
041 0 |a eng 
082 0 |a 658/.05 
100 1 |a Fried, Louis. 
245 1 0 |a Practical data processing management /  |c Louis Fried 
260 |a Reston, Va. :   |b Reston Pub. Co.,   |c c1979 
300 |a x, 342 p.;  |b ill.;  |c 24 cm 
504 |a Includes bibliographical references and index 
650 0 0 |a Electronic data processing  |x Management. 
852 |a INST  |b CHIOS  |e 19960314  |h 658.05 FRI  |p 005200004525  |q 005200004525  |t BK  |y 0 
909 |a Χ  |b 000145